<?xml version="1.0" encoding="UTF-8"?><?xml-stylesheet type="text/xsl" href="static/style.xsl"?><OAI-PMH xmlns="http://www.openarchives.org/OAI/2.0/" xmlns:xsi="http://www.w3.org/2001/XMLSchema-instance" xsi:schemaLocation="http://www.openarchives.org/OAI/2.0/ http://www.openarchives.org/OAI/2.0/OAI-PMH.xsd"><responseDate>2026-06-07T13:54:15Z</responseDate><request verb="GetRecord" identifier="oai:docta.ucm.es:20.500.14352/10746" metadataPrefix="marc">https://docta.ucm.es/rest/oai/request</request><GetRecord><record><header><identifier>oai:docta.ucm.es:20.500.14352/10746</identifier><datestamp>2023-09-13T06:40:52Z</datestamp><setSpec>com_20.500.14352_14</setSpec><setSpec>col_20.500.14352_22</setSpec></header><metadata><record xmlns="http://www.loc.gov/MARC21/slim" xmlns:dcterms="http://purl.org/dc/terms/" xmlns:xsi="http://www.w3.org/2001/XMLSchema-instance" xmlns:doc="http://www.lyncode.com/xoai" xsi:schemaLocation="http://www.loc.gov/MARC21/slim http://www.loc.gov/standards/marcxml/schema/MARC21slim.xsd">
   <leader>00925njm 22002777a 4500</leader>
   <datafield ind2=" " ind1=" " tag="042">
      <subfield code="a">dc</subfield>
   </datafield>
   <datafield ind2=" " ind1=" " tag="720">
      <subfield code="a">Durán Merinero, Alba</subfield>
      <subfield code="e">author</subfield>
   </datafield>
   <datafield ind2=" " ind1=" " tag="260">
      <subfield code="c">2019-12-12</subfield>
   </datafield>
   <datafield ind2=" " ind1=" " tag="520">
      <subfield code="a">La presente tesis doctoral se basa en el desarrollo de metodologías que permitan preparar estructuras que combinen metales de transición y biomoléculas. El trabajo se divide en dos partes claramente diferenciadas. Síntesis de miméticos de [FeFe]-hidrogenasas. Las [FeFe]-hidrogenasas son metaloenzimas esenciales en el metabolismo de ciertos microorganismos para la producción de H2. Los miméticos de [FeFe]-hidrogenasas han sido ampliamente estudiados en los últimos años y se han diseñado buscando la similitud estructural de sus centros activos con los complejos de tipo [(μ-SR)2Fe2(CO)6] de las metaloenzimas naturales, en particular los que presentan puentes azaditiolato (ADT) entre los átomos de azufre...</subfield>
   </datafield>
   <datafield ind2=" " ind1=" " tag="520">
      <subfield code="a">The main objective of this PhD thesis is the development of methodologies for the synthesis of structures combining transtition metal complexes and biomolecules. The work has been divided into 2 clearly differenciated parts. 1. Synthesis of [FeFe]-hydrogenase mimics. The mimics of these type of metaloenzymes, a very important class of enzymes related to the production of H2 in the metabolism of certain microorganisms, have been widely studied in the recent years, specially the ones with an aminodithiolate functionality in their structure like the one shown in Figure 1, due to the structural similarity of their active site and complexes like [(μ-SR)2Fe2(CO)6]. the redox properties asociated with the ADT-[FeFe] nucleus, regardless of the complexity of the structure incorporated through the cycloaddition reaction...</subfield>
   </datafield>
   <datafield ind1="8" ind2=" " tag="024">
      <subfield code="a">https://hdl.handle.net/20.500.14352/10746</subfield>
   </datafield>
   <datafield ind2="0" ind1="0" tag="245">
      <subfield code="a">Síntesis de sistemas polimetálicos biofuncionales</subfield>
   </datafield>
</record></metadata></record></GetRecord></OAI-PMH>